Catálogo

CORPORATE INFORMATION STRATEGY AND MANAGEMENT (Registro nro. 58279)

Detalles MARC
000 -LEADER
fixed length control field 01100nam a2200193 a 4500
001 - CONTROL NUMBER
control field 58279
005 - DATE AND TIME OF LATEST TRANSACTION
control field 20180714054826.0
008 - FIXED-LENGTH DATA ELEMENTS--GENERAL INFORMATION
fixed length control field 140415s2003 xxu 000 0 eng d
020 ## - INTERNATIONAL STANDARD BOOK NUMBER
International Standard Book Number 0072456728
041 ## - LANGUAGE CODE
Language code of text/sound track or separate title eng
082 ## - DEWEY DECIMAL CLASSIFICATION NUMBER
Classification number 658.4038
Item number APP
245 00 - TITLE STATEMENT
Title CORPORATE INFORMATION STRATEGY AND MANAGEMENT
250 ## - EDITION STATEMENT
Edition statement 6a ed.
260 ## - PUBLICATION, DISTRIBUTION, ETC.
Place of publication, distribution, etc. ESTADOS UNIDOS DE AMERICA :
Name of publisher, distributor, etc. MCGRAW-HILL COMPANIES, INC.,
Date of publication, distribution, etc. 2003
300 ## - PHYSICAL DESCRIPTION
Extent 353
Dimensions 19 x 3 x 23.9
520 ## - SUMMARY, ETC.
Summary, etc. CORPORATE INFORMATION STRATEGY AND MANAGEMENT EXAMINES HOW INFORMATION TECHNOLOGY ENABLES ORGANIZATIONS TO CONDUCT BUSINESS IN RADICALLY DIFFERENT AND MORE EFFECTIVE WAYS. THE OBJECTIVE OF THIS BOOK IS TO PROVIDE READERS WITH A BETTER UNDERSTANDING OF THE INFLUENCE OF 21 ST-CENTURY TECHNOLOGIES ON BUSINESS DECISIONS.THE MATERIAL PRESENTED HERE IS THE OUTGROWTH OF FIELD -BASED RESEARCH WE HAVE CONDUCTED AT THE HARVARD BUSINESS SCHOOL SINCE THE EARLY 1970S .
650 14 - SUBJECT ADDED ENTRY--TOPICAL TERM
Topical term or geographic name entry element TECNOLOGA DE LA INFORMACIN
General subdivision ADMINISTRACIN
-- TECNOLOGA DE LA INFORMACIN
700 1# - ADDED ENTRY--PERSONAL NAME
Personal name APPLEGATE, LYNDA M. -AUSTIN, ROBERT D. -MCFARLAN, F. WARREN
Relator term coaut.
Existencias
Withdrawn status Lost status Source of classification or shelving scheme Damaged status Not for loan Collection code Home library Current library Shelving location Date acquired Source of acquisition Inventory number Total Checkouts Full call number Barcode Date last seen Price effective from Koha item type
    Dewey Decimal Classification     General Biblioteca Karol Wojtyla Biblioteca Karol Wojtyla Sala general 03/12/2013 Compra 151000000000000000014080   658.4038 APP 87867 05/01/2026 03/12/2013 Libro